Storm Horse / (Record no. 5304)
[ view plain ]
| 000 -LEADER | |
|---|---|
| fixed length control field | 01228nam a22003017a 4500 |
| 001 - CONTROL NUMBER | |
| control field | 5304 |
| 003 - CONTROL NUMBER IDENTIFIER | |
| control field | FISKH |
| 005 - DATE AND TIME OF LATEST TRANSACTION | |
| control field | 20241125135641.0 |
| 008 - FIXED-LENGTH DATA ELEMENTS--GENERAL INFORMATION | |
| fixed length control field | 241125b cb ||||| |||| 00| 0 eng d |
| 020 ## - INTERNATIONAL STANDARD BOOK NUMBER | |
| International Standard Book Number | 9781338171518 |
| 040 ## - CATALOGING SOURCE | |
| Original cataloging agency | FISKH |
| Language of cataloging | eng |
| Transcribing agency | FISKH |
| Modifying agency | FISKH |
| 050 ## - LIBRARY OF CONGRESS CALL NUMBER | |
| Classification number | PZ7.G184154 |
| 082 ## - DEWEY DECIMAL CLASSIFICATION NUMBER | |
| Classification number | 823.92 |
| 100 ## - MAIN ENTRY--PERSONAL NAME | |
| Personal name | Garlick, Nick |
| 245 ## - TITLE STATEMENT | |
| Title | Storm Horse / |
| Statement of responsibility, etc. | by Nick Garlick |
| 250 ## - EDITION STATEMENT | |
| Edition statement | First printing 2017 |
| 260 ## - PUBLICATION, DISTRIBUTION, ETC. | |
| Place of publication, distribution, etc. | New York : |
| Name of publisher, distributor, etc. | Scholastic ; |
| Date of publication, distribution, etc. | 2017 . |
| 300 ## - PHYSICAL DESCRIPTION | |
| Extent | 242 pages : |
| Other physical details | illustrations ; |
| Dimensions | 20 cm . |
| 505 ## - FORMATTED CONTENTS NOTE | |
| Formatted contents note | Y <br/> |
| 520 ## - SUMMARY, ETC. | |
| Summary, etc. | His mother left three years ago, so when twelve-year-old Flip's thieving father dies he goes to live with his stern and hostile uncle on the remote Dutch island of Mossum; there he works on the farm, dreams of his mother coming to get him, deals with the local bullies, and his only "friend' is a strange, mute girl whom he thinks of as the ghost girl--until he rescues a horse from the stormy sea and discovers a new purpose in caring for his charge. |
| 521 8# - TARGET AUDIENCE NOTE | |
| Target audience note | 880 <br/> |
| Source | Lexile <br/> |
| 521 8# - TARGET AUDIENCE NOTE | |
| Target audience note | Y <br/> |
| Source | Raz-Plus <br/> |
| 650 ## - SUBJECT ADDED ENTRY--TOPICAL TERM | |
| Topical term or geographic name entry element | animals |
| Form subdivision | Fiction |
| 650 ## - SUBJECT ADDED ENTRY--TOPICAL TERM | |
| Topical term or geographic name entry element | chiildren |
| Form subdivision | Fiction |
| 700 ## - ADDED ENTRY--PERSONAL NAME | |
| Personal name | Ly, Carol |
| Relator term | book designer |
| 942 ## - ADDED ENTRY ELEMENTS (KOHA) | |
| Source of classification or shelving scheme | Dewey Decimal Classification |
| Koha item type | Books |
| Suppress in OPAC | No |
| Withdrawn status | Lost status | Source of classification or shelving scheme | Damaged status | Not for loan | Collection | Home library | Current library | Shelving location | Date acquired | Total Checkouts | Full call number | Barcode | Date last seen | Date last checked out | Price effective from | Koha item type |
|---|---|---|---|---|---|---|---|---|---|---|---|---|---|---|---|---|
| Dewey Decimal Classification | Fiction | Footprints International School Library Network Toul Kork Campus | Footprints International School Library Network Toul Kork Campus | TTP Secondary Fiction Bookshelves | 11/25/2024 | 1 | GAR 823.92 PZ7.G184154 | FISSE01681 | 05/16/2025 | 05/07/2025 | 11/25/2024 | Books |
